Entry Personal Name
Number of records used in: 2
001 - CONTROL NUMBER
003 - CONTROL NUMBER IDENTIFIER
005 - DATE AND TIME OF LATEST TRANSACTION
- control field:
20221108150219.0
008 - FIXED-LENGTH DATA ELEMENTS
- fixed length control field:
790619n| azannaabn |a aaa
010 ## - LIBRARY OF CONGRESS CONTROL NUMBER
- LC control number:
n 79053186
- Canceled/invalid LC control number:
no2012017842
016 ## - NATIONAL BIBLIOGRAPHIC AGENCY CONTROL NUMBER
- Record control number:
0013H2015E
035 ## - SYSTEM CONTROL NUMBER
- System control number:
(OCoLC)oca00286370
040 ## - CATALOGING SOURCE
- Original cataloging agency:
DLC
- Language of cataloging:
eng
- Description conventions:
rda
- Transcribing agency:
DLC
- Modifying agency:
DLC
- Modifying agency:
OU
- Modifying agency:
CaOONL
042 ## - AUTHENTICATION CODE
046 ## - SPECIAL CODED DATES
- Birth date:
1931
- Source of date scheme:
edtf
100 1# - HEADING--PERSONAL NAME
- Personal name:
Miller, G. Tyler
- Fuller form of name:
(George Tyler),
- Dates associated with a name:
1931-
372 ## - FIELD OF ACTIVITY
- Field of activity:
Environmental sciences
- Source of term:
lcsh
373 ## - ASSOCIATED GROUP
- Associated group:
Saint Andrews Presbyterian College (Laurinburg, N.C.)
- Source of term:
naf
377 ## - ASSOCIATED LANGUAGE
378 ## - FULLER FORM OF PERSONAL NAME
- Fuller form of personal name:
George Tyler
400 1# - SEE FROM TRACING--PERSONAL NAME
- Control subfield:
nna
- Personal name:
Miller, George Tyler,
- Dates associated with a name:
1931-
670 ## - SOURCE DATA FOUND
- Source citation:
His The corrosion of copper single crystals ... 1958.
670 ## - SOURCE DATA FOUND
- Source citation:
His Living in the environment, c1994:
- Information found:
CIP t.p. (G. Tyler Miller, Jr.)
670 ## - SOURCE DATA FOUND
- Source citation:
Our living Earth, 2011:
- Information found:
t.p. (G. Tyler Miller)
670 ## - SOURCE DATA FOUND
- Source citation:
Environmental science, 2001, ©2001:
- Information found:
title page (G. Tyler Miller, Jr.; Presedent, Earth Education and Research, Adjunct Professor of Human Ecology, St. Andrews Presbyterian College)
670 ## - SOURCE DATA FOUND
- Source citation:
Living in the environment, 2017:
- Information found:
title page (G. Tyler Miller, President, Earth Education and Research)